| 000 | 00769nam a22002412a 4500 | ||
|---|---|---|---|
| 001 | 49747 | ||
| 003 | BD-RJUL | ||
| 005 | 20211209054725.0 | ||
| 008 | 160822r19561938enk b 000 0 eng d | ||
| 035 | _aBD-RJUL 49867 | ||
| 040 |
_aEEM _cEEM _dEQO _beng |
||
| 041 | _aeng | ||
| 082 |
_223 _a370.954 _bKEI 1956 |
||
| 090 |
_aLA36 _b.K4 1938 |
||
| 100 | 1 |
_aKeay, F. E. _q(Frank Ernest) _9149132 |
|
| 245 | 1 | 0 |
_aIndian education in ancient and later times : _ban inquiry into its origin, development and ideals / _cby F.E. Keay |
| 250 | _a[2d ed | ||
| 260 |
_aLondon] : _bG. Cumberlege, Oxford University Press, _c1938 [reprint 1942-1956] |
||
| 300 |
_a197 p. ; _c17 cm. |
||
| 504 | _aIncludes bibliography | ||
| 650 | 0 |
_aEducation _zIndia _9149133 |
|
| 942 |
_2ddc _cBK |
||
| 999 |
_c49747 _d49747 |
||